Ekonomické ukazatele nových trhů
Štatistický prehľad ekonomických ukazovateľov (HDP, priemyselná výroba, spotrebiteľské ceny, krátkodobé úrokové miery, devízový kurz) vybraných krajín (Argentína, Brazília, Egypt, Chile, Južná Afrika, Kolumbia, Maďarsko, Mexiko, Poľsko, Rumunsko).
Enregistré dans:
| Format: | Chapitre de livre |
|---|---|
| Langue: | tchèque |
| Sujets: | |
| Tags: |
Pas de tags, Soyez le premier à ajouter un tag!
|
MARC
| LEADER | 00000naa a2200000 4500 | ||
|---|---|---|---|
| 001 | r036628 | ||
| 005 | 20230920100207.9 | ||
| 041 | 0 | |a cze | |
| 044 | |a CZ | ||
| 245 | 1 | 0 | |a Ekonomické ukazatele nových trhů |
| 520 | |a Štatistický prehľad ekonomických ukazovateľov (HDP, priemyselná výroba, spotrebiteľské ceny, krátkodobé úrokové miery, devízový kurz) vybraných krajín (Argentína, Brazília, Egypt, Chile, Južná Afrika, Kolumbia, Maďarsko, Mexiko, Poľsko, Rumunsko). | ||
| 610 | 2 | 0 | |a údaje štatistické medzinárodné |
| 610 | 2 | 0 | |a ukazovatele ekonomické |
| 610 | 2 | 0 | |a produkt domáci hrubý |
| 610 | 2 | 0 | |a výroba priemyselná |
| 610 | 2 | 0 | |a ceny spotrebiteľské |
| 610 | 2 | 0 | |a miera úroková |
| 610 | 2 | 0 | |a kurz devízový |
| 610 | 2 | 0 | |a trh |